Countries of the World with one word - Statistics

General Stats
  • This quiz has been taken 62 times
    37 since last reset
  • The average score is 110 of 159
Answers on the Map
Answers color-coded by a green-red scale on the quiz's map according to % correct below.
 
Answer Stats
Country % Correct
Brazil
81%
Canada
81%
Iran
81%
Sudan
81%
Vietnam
81%
Yemen
81%
Algeria
75%
Andorra
75%
Argentina
75%
Australia
75%
Austria
75%
Bahamas
75%
Belgium
75%
Bulgaria
75%
Cambodia
75%
Chad
75%
Chile
75%
China
75%
Colombia
75%
Cuba
75%
Cyprus
75%
Denmark
75%
Egypt
75%
Estonia
75%
Finland
75%
France
75%
Georgia
75%
Germany
75%
Greece
75%
Guatemala
75%
Guyana
75%
Hungary
75%
Iceland
75%
India
75%
Iraq
75%
Italy
75%
Japan
75%
Jordan
75%
Kuwait
75%
Laos
75%
Libya
75%
Lithuania
75%
Madagascar
75%
Malta
75%
Mexico
75%
Mongolia
75%
Morocco
75%
Nauru
75%
Netherlands
75%
Niger
75%
Nigeria
75%
Norway
75%
Oman
75%
Pakistan
75%
Palau
75%
Paraguay
75%
Philippines
75%
Poland
75%
Portugal
75%
Russia
75%
Rwanda
75%
Slovakia
75%
Spain
75%
Sweden
75%
Syria
75%
Thailand
75%
Togo
75%
Turkey
75%
Ukraine
75%
Uruguay
75%
Afghanistan
69%
Angola
69%
Bangladesh
69%
Belarus
69%
Belize
69%
Benin
69%
Bhutan
69%
Bolivia
69%
Botswana
69%
Ecuador
69%
Ethiopia
69%
Fiji
69%
Gabon
69%
Ghana
69%
Indonesia
69%
Ireland
69%
Israel
69%
Kazakhstan
69%
Kenya
69%
Kosovo
69%
Latvia
69%
Lebanon
69%
Lesotho
69%
Liechtenstein
69%
Malaysia
69%
Maldives
69%
Mali
69%
Myanmar
69%
Nepal
69%
Panama
69%
Peru
69%
Qatar
69%
Romania
69%
Samoa
69%
Slovenia
69%
Suriname
69%
Switzerland
69%
Tonga
69%
Tunisia
69%
Turkmenistan
69%
Uganda
69%
Uzbekistan
69%
Venezuela
69%
Zimbabwe
69%
Albania
63%
Armenia
63%
Azerbaijan
63%
Bahrain
63%
Barbados
63%
Comoros
63%
Croatia
63%
Djibouti
63%
Dominica
63%
Eritrea
63%
Eswatini
63%
Haiti
63%
Honduras
63%
Kyrgyzstan
63%
Liberia
63%
Luxembourg
63%
Malawi
63%
Moldova
63%
Mozambique
63%
Nicaragua
63%
Serbia
63%
Seychelles
63%
Somalia
63%
Taiwan
63%
Tajikistan
63%
Tanzania
63%
Tuvalu
63%
Vanuatu
63%
Zambia
63%
Brunei
56%
Burundi
56%
Cameroon
56%
Gambia
56%
Guinea
56%
Jamaica
56%
Kiribati
56%
Mauritania
56%
Mauritius
56%
Monaco
56%
Montenegro
56%
Namibia
56%
Senegal
56%
Singapore
56%
Grenada
50%
Czechia
44%
No matching quizzes found
Score Distribution
Percent of People with Each Score
Percentile by Number Answered
Your Score History
You have not taken this quiz since the last reset